| 000 | 00607nam a22001937a 4500 | ||
|---|---|---|---|
| 005 | 20150729115217.0 | ||
| 010 | _aENG-113199 | ||
| 020 |
_a9789351431893 _c180.00 |
||
| 035 | _aEN-96731 | ||
| 037 | _bDBAD/PUB | ||
| 082 | _a349.54 | ||
| 100 | _aRosedar S. R. A. | ||
| 245 |
_aInterpretation of statutes / _cby Rosedar S. R. A. |
||
| 260 |
_aGurgaon _bLexis Nexis _c2014 |
||
| 270 |
_a14th Floor, Building no 10 Tower, DLF Cyber City, Phase-II, _bGurgaon _e122002 |
||
| 300 |
_aviii,103p. _c22cm(pbk) |
||
| 490 | _aLexisNexix quick reference guide Q& A | ||
| 942 |
_2ddc _cEN _mROS _h349.54 |
||
| 999 |
_c93831 _d93831 |
||